Adivina el futbolista #2 - Estadísticas

Estadísticas generales
  • Esta prueba ha sido intentada 49 veces
  • La puntuación promedio es 11 de 16
Estadísticas de respuestas
Imagen Respuesta % Correcto
Cafú
98%
Odegaard
95%
Rooney
93%
Morientes
81%
Villalibre
79%
Nolito
77%
Iñaki Peña
74%
Samu Omorodion
74%
Abel Ruiz
70%
Guehi
67%
Rene Higuita
65%
Yeremay
65%
Smalling
63%
Hugo Sánchez
56%
Jauregizar
49%
Makelele
26%
No se encontraron pruebas coincidentes
Distribución de puntuación
Porcentaje de gente con cada puntuación
Porcentaje por número respondido
Historial de tus puntuaciones
No has intentado esta prueba.